000 01595nam0a22002891 4500
001 rc\3900981
005 20250610124529.0
021 _aRU
_b[56-62114]
035 _a(NLR Aleph) 007906180
090 _a8068637
_c8068637
100 _a20130415d1956 |||y0rusy50 ca
101 1 _arus
_ctat
102 _aRU
105 _ac z |||a|
200 1 _aТем, кто помог...
_eИзбр. стихи и поэмы. 1924-1956
_e[Пер. с тат.]
210 _aКазань
_cТаткнигоиздат. Ред. худож. лит.
_d1956
215 _a150 с., 1 л. портр.
_d17
300 _aНа обл. загл.: Избранное
327 0 _aЦиклы: К полету; Не могу спать ночами...; Тайфун; Возвращение; Страницы из дневника; Сатира и юмор; Поэмы и баллады: Мусаллям; Капитан Гастелло; По столбовой дороге. (Главы из поэмы); Баллада о воздухе
464 0 _12001#$aК полету$aНе могу спать ночами...$aТайфун$aВозвращение$aСтраницы из дневника$aСатира и юмор$aМусаллям$aКапитан Гастелло$aПо столбовой дороге$e(Главы из поэмы)$aБаллада о воздухе
_tБаллада о воздухе
512 0 _aИзбранное
700 1 _aБаттал
_bС.
_f1905-
_gСалих
801 0 _aRU
_bNLR
_gpsbo
801 1 _aRU
_bELAR
_2rusmarc
852 _aNLR
_jЛ40 Г-1/1266
942 _cBOOK
980 _aNB